UBT Library

WHEN MARKETS GOLLIDE (Record no. 33832)

000 -LEADER
fixed length control field 00293nam a22001337a 4500
008 - FIXED-LENGTH DATA ELEMENTS--GENERAL INFORMATION
fixed length control field 171013b xxu||||| |||| 00| 0 eng d
020 ## - INTERNATIONAL STANDARD BOOK NUMBER
International Standard Book Number 9780071592819
041 ## - LANGUAGE CODE
Language code of text/sound track or separate title eng
080 ## - UNIVERSAL DECIMAL CLASSIFICATION NUMBER
Universal Decimal Classification number 330.322
100 ## - Rafti
Rafti 51
101 ## - Shkurtesa
Shkurtesa INV
245 ## - TITLE STATEMENT
Title WHEN MARKETS GOLLIDE
Statement of responsibility, etc ELERIAN,M
942 ## - ADDED ENTRY ELEMENTS (KOHA)
Source of classification or shelving scheme
Item type Books
Holdings
Withdrawn status Lost status Source of classification or shelving scheme Damaged status Not for loan Collection code Permanent location Current location Shelving location Date acquired Total Checkouts Full call number Barcode Date last seen Price effective from Koha item type
          Koleksioni i përgjithshem UBT - Lipjan UBT - Lipjan Koleksioni i përgjithshem 10/13/2017   330.322 ELE 002-2930988 10/13/2017 10/13/2017 Books
          Koleksioni i përgjithshem UBT - Lipjan UBT - Lipjan Koleksioni i përgjithshem 10/13/2017   330.322 ELE 002-2930993 10/13/2017 10/13/2017 Books
          Koleksioni i përgjithshem UBT - Lipjan UBT - Lipjan Koleksioni i përgjithshem 10/13/2017   330.322 ELE 002-2930998 10/13/2017 10/13/2017 Books
          Koleksioni i përgjithshem UBT - Lipjan UBT - Lipjan Koleksioni i përgjithshem 10/13/2017   330.322 ELE 002-2931003 10/13/2017 10/13/2017 Books
          Koleksioni i përgjithshem UBT - Lipjan UBT - Lipjan Koleksioni i përgjithshem 10/13/2017   330.322 ELE 002-2931008 10/13/2017 10/13/2017 Books
UBT Library © 2015-2024. All rights reserved University Education for Business and Technology